000 00453nam a2200181Ia 4500
005 20250326142240.0
008 250326s9999 xx 000 0 und d
037 _aTextbook
040 _aFMSL
_beng
_cFMSL
041 _aeng
_2eng
084 _qFMSL
100 _aArgyris C
245 0 _aOn organizational learning
_cArgyris C
260 _aOxford
_bOxford, Basil Blakwell
_c1994
300 _a461p
942 _cTB
999 _c1294128
_d1294128